| 000 | 00535nam a2200205Ia 4500 | ||
|---|---|---|---|
| 008 | 220216s9999 xx 000 0 und d | ||
| 100 | _aTao Zhenghong | ||
| 245 | 0 | _aHeat resistant elastomers (2005 reviews) | |
| 260 |
_bRubber Chemistry and Technology _c2005 |
||
| 300 | _a489-515 | ||
| 650 | _a2005 reviews | ||
| 650 | _aElastomers | ||
| 650 | _aHeat resistance | ||
| 650 | _aVulcanization | ||
| 700 | _aBarry Carol | ||
| 700 | _aGhumman Bhavjit | ||
| 700 | _aMead Joey | ||
| 700 | _aViriyabanthorn Nantiya | ||
| 942 | _cJS | ||
| 999 |
_c60251 _d60251 |
||